| 000 | 00780 a2200253 4500 | ||
|---|---|---|---|
| 999 |
_c3531 _d3531 |
||
| 020 | _a9780415477741 (hardback) | ||
| 020 | _a0415477743 (hardback) | ||
| 020 | _a9780415477758 (pbk.) | ||
| 020 | _a0415477751 (pbk.) | ||
| 020 | _a9780203888858 (ebook) | ||
| 020 | _a0203888855 (ebook) | ||
| 050 | 0 | 0 | _aPN 4784 ADA 2009 |
| 100 | 1 |
_aAdams, Sally _d1933- _eauthor |
|
| 245 | 1 | 0 |
_aInterviewing for journalists : _cSally Adams with Wynford Hicks. |
| 250 | _a2nd ed. | ||
| 264 |
_a New York : _bRoutledge, _c2009 |
||
| 300 | _a249 p. : | ||
| 440 | 0 | _aMedia skills | |
| 500 | _aincludes index. | ||
| 504 | _aIncludes bibliographical references | ||
| 650 | 0 | _aInterviewing in journalism. | |
| 700 | 1 |
_aHicks Wynford _d1942- _eauthor |
|
| 942 |
_2lcc _cBK _e2nd ed. _h4784 _iADA _kPN |
||